Loading...
| History - European | 0 | 4 | 0 | 1 | 40 | 86 | 99.25 | 0 | 0 | 3.99 | 9.47 |
| Fine Arts - Other | 0 | 4 | 0 | 1 | 40 | 22 | 91.25 | 1 | 1 | 8.59 | 13.26 |
| Fine Arts - Painting and Sculpture | 0 | 4 | 0 | 0 | 40 | 60 | 87.25 | 0 | 2 | 9.17 | 20.08 |
| Fine Arts - Classical Music | 0 | 2 | 0 | 0 | 20 | 107 | 110.50 | 0 | 0 | 0.99 | 5.05 |
| History - American | 0 | 2 | 0 | 1 | 20 | 101 | 102.50 | 0 | 0 | 0.43 | 4.17 |
| History - Other | 0 | 2 | 0 | 0 | 20 | 107 | 109.00 | 0 | 0 | 0.00 | 2.02 |
| Literature - American | 0 | 2 | 0 | 1 | 20 | 110 | 110.50 | 0 | 0 | 0.08 | 2.15 |
| Literature - World | 0 | 2 | 0 | 0 | 20 | 107 | 110.00 | 0 | 0 | 1.31 | 4.04 |
| Mythology | 0 | 2 | 0 | 2 | 20 | 72 | 93.50 | 0 | 1 | 2.80 | 7.95 |
| History - World | 0 | 2 | 1 | 0 | 15 | 103 | 107.00 | 0 | 0 | 0.00 | 3.03 |
| Science - Biology | 0 | 1 | 0 | 1 | 10 | 109 | 109.00 | 0 | 0 | 0.08 | 3.41 |
| Social Science | 0 | 1 | 0 | 0 | 10 | 104 | 104.00 | 0 | 0 | 0.00 | 1.59 |
| Geography | 0 | 1 | 0 | 0 | 10 | 98 | 98.00 | 0 | 0 | 1.20 | 1.59 |
| Popular Culture | 0 | 1 | 0 | 0 | 10 | 20 | 20.00 | 1 | 1 | 16.36 | 20.00 |
| Religion | 0 | 1 | 0 | 1 | 10 | 113 | 113.00 | 0 | 0 | 0.00 | 2.02 |
| Literature - British | 0 | 1 | 0 | 0 | 10 | 101 | 101.00 | 0 | 1 | 1.11 | 5.68 |
| Literature - European | 0 | 0 | 0 | 0 | 0 | 0.00 | 0 | 0 | 0.00 | 0.00 |